书目信息 |
| 题名: |
生物化学实验
|
|
| 作者: | 董晓燕 主编 | |
| 分册: | ||
| 出版信息: | 北京 化学工业出版社 2003 |
|
| 页数: | 142页 | |
| 开本: | 26cm | |
| 丛书名: | ||
| 单 册: | ||
| 中图分类: | Q5-33 | |
| 科图分类: | ||
| 主题词: | 生物化学--实验--高等学校--教材 | |
| 电子资源: | ||
| ISBN: | 7-5025-4285-X | |
| 000 | 00865nam0 2200253 450 | |
| 001 | 05002240563 | |
| 005 | 20050920111842.17 | |
| 010 | @a7-5025-4285-X@dCNY16.00 | |
| 100 | @a20050108e20042003ekmy0chiy0120 ea | |
| 101 | 0 | @achi |
| 102 | @aCN@b110000 | |
| 105 | @ay az 000yy | |
| 200 | 1 | @a生物化学实验@9sheng wu hua xue shi yan@f董晓燕主编@Fdong xiao yan zhu bian |
| 210 | @a北京@c化学工业出版社@d2003@h2004重印 | |
| 215 | @a142页@d26cm | |
| 300 | @a高等学校教材 工科类专业适用 | |
| 320 | @a有书目 | |
| 330 | @a本书介绍了部分分子生物学及基因工程的常用实验内容。全书共四章,包括生化实验的基本原理、32个生化实验和附录,教学实验部分包括实验的目的、原理和基本操作方法。 | |
| 606 | 0 | @a生物化学@x实验@x高等学校@x教材 |
| 690 | @aQ5-33@v4 | |
| 701 | 0 | @a董晓燕@Adong xiao yan@4主编 |
| 801 | 0 | @aCN@bTSSF@c20050920 |
| 905 | @a10447@dQ5-33@e102 | |
| 999 | @aHSJ | |
| 生物化学实验/董晓燕主编.-北京:化学工业出版社,2003(2004重印) |
| 142页;26cm |
| 高等学校教材 工科类专业适用 |
| ISBN 7-5025-4285-X:CNY16.00 |
| 本书介绍了部分分子生物学及基因工程的常用实验内容。全书共四章,包括生化实验的基本原理、32个生化实验和附录,教学实验部分包括实验的目的、原理和基本操作方法。 |
| ● |
| 相关链接 |
|
|
|
|
正题名:生物化学实验
索取号:Q5-33/102
 
预约/预借
| 序号 | 登录号 | 条形码 | 馆藏地/架位号 | 状态 | 备注 |
| 1 | 0362509 | 3625090 | 第二样本阅览室/ [索取号:Q5-33/102] | 在馆 | |
| 2 | 0362510 | 3625107 | 第三借阅区/ [索取号:Q5-33/102] | 在馆 | |
| 3 | 0362511 | 3625116 | 第三借阅区/ [索取号:Q5-33/102] | 在馆 | |
| 4 | 0362512 | 3625125 | 第三借阅区/ [索取号:Q5-33/102] | 在馆 | |
| 5 | 0362513 | 3625134 | 第三借阅区/ [索取号:Q5-33/102] | 在馆 |